Statistiken für Kannst du alle Bahnhöfe der Linie S7 erraten?

Klicken Sie hier um das Quiz zu spielen!

Allgemein

  • Dieses Quiz wurde 12 mal gespielt
  • Das Durchschnittsergebnis liegt bei 9 aus 13

Antwortstatistiken

Antwort% Korrekt
Wuppertal-Oberbarmen
100%
Remscheid Hauptbahnhof
92%
Wuppertal Hauptbahnhof
92%
Solingen Hauptbahnhof
83%
Wuppertal-Unterbarmen
83%
Remscheid-Lennep
75%
Wuppertal-Barmen
75%
Solingen Mitte
67%
Remscheid-Lüttringhausen
50%
Wuppertal-Ronsdorf
50%
Remscheid-Güldenwerth
42%
Solingen-Schaberg
42%
Solingen Grünewald
33%

Verteilung der Resultate

Perzentil nach korrekt beantworteten Fragen

Anzahl Personen mit jedem Resultat

Ihre Resultats-Entwicklung

Sie haben dieses Quiz noch nicht gespielt